| 000 | 01240nam a2200325 a 4500 | ||
|---|---|---|---|
| 001 | 000112524 | ||
| 003 | CHAP | ||
| 005 | 20220329144310.0 | ||
| 008 | 160609s2016 mx sm |||||||spa d | ||
| 010 | _a108985 | ||
| 011 | _a109957 | ||
| 040 | _cCHAP | ||
| 090 | _aTesis | ||
| 100 | 1 |
_aMárquez Márquez, José Miguel _9130858 |
|
| 245 | 1 | 0 |
_aEvaluación de progenies de cruzas dobles de nochebuena (Euphorbia pulcherrima Will. ex Klotzsch) en Morelos _h[En línea] _cpor José Miguel Márquez Márquez. |
| 260 |
_aChapingo, Méx. : _bEl autor, _c2016. |
||
| 500 | _aPara ver el contenido del material haga clic en la liga | ||
| 502 | _aTesis (Ing. Agr. Esp. en Fitotecnia) -- UACH. Departamento de Fitotecnia | ||
| 590 |
_aE11695DGD _b10 _c20160613 _lUCH01 _h1126 |
||
| 590 |
_aE5765TAJ _b05 _c20160609 _lUCH01 _h0946 |
||
| 590 |
_aE5765TAJ _b05 _c20160609 _lUCH01 _h0946 |
||
| 590 |
_aE5765TAJ _b05 _c20160609 _lUCH01 _h1001 |
||
| 650 | 1 | 4 |
_aFlor de nochebuena _xFisología y morfología. _9129001 |
| 650 | 1 | 4 |
_aFlor de nochebuena _xGenética. _9130859 |
| 650 | 1 | 4 |
_aFlor de nochebuena _xHíbridos. _9130860 |
| 856 |
_aFinding aid _uhttp://10.13.5.2/tesis/sist112524.pdf _zTeclea aquí |
||
| 901 | _aBK | ||
| 942 | _cTESIS | ||
| 942 | _n0 | ||
| 999 |
_c108985 _d108985 |
||